بحث تاريخى فى رسائل الخوان الصفا وعقائد الاسماعيلية فيها
محفوظ في:
المؤلف الرئيسي:
التنسيق: كتاب
اللغة: Undetermined
منشور في:
Miṣr
Matbaeat eisaa albabaa alhalbaa washarakah
1935
الوسوم: إضافة وسم
لا توجد وسوم, كن أول من يضع وسما على هذه التسجيلة!
رقم الطلب: O50 HAMA
| LEADER | 00444nam a2200121Ia 4500 | ||
|---|---|---|---|
| 008 | 240404s9999||||xx |||||||||||||| ||und|| | ||
| 050 | 4 | |a O50 HAMA | |
| 100 | 1 | |a حسين الهمدانى. | |
| 245 | 1 | 0 | |a بحث تاريخى فى رسائل الخوان الصفا وعقائد الاسماعيلية فيها |c حسين الهمدانى |
| 264 | 1 | |a Miṣr |b Matbaeat eisaa albabaa alhalbaa washarakah |c 1935 | |
| 300 | |a 32 |c 24 | ||
| 942 | |2 lcc |c BK | ||
| 999 | |c 58132 |d 58132 | ||
